Two by Five Quiz Stats

 Plays Quiz Updated Nov 26, 2017

Also try: Two by Three
Challenge
Share
Tweet
Embed
Score 0/30 Timer 05:00
1 Play Today
Hint Answer % Correct
Christian figure also known as Father ChristmasSanta Claus
88.2%
Christopher Columbus' largest shipSanta María
85.5%
Capital city of LouisianaBaton Rouge
82%
Document signed by King John in 1215Magna Carta
81.8%
11-time PGA Player of the YearTiger Woods
79.6%
Genre of Black Sabbath and Iron MaidenHeavy metal
79.4%
Communist country that borders China and RussiaNorth Korea
78.7%
Military branch focused on maritime securityCoast guard
76.7%
Home place of the US Executive BranchWhite House
76.2%
Tournament style where all teams play each otherRound robin
75.5%
First woman to win a Nobel PrizeMarie Curie
74%
Director of Annie Hall and Midnight in ParisWoody Allen
73.7%
Actor often connected to others by six degreesKevin Bacon
71.9%
Glass device that absorbs sunlight for energySolar panel
70.4%
Kellogg's rainbow ring-shaped cerealFroot Loops
69.8%
Hint Answer % Correct
Portrayed Rose Nylund in The Golden GirlsBetty White
69.6%
'Do I feel lucky? Well, do ya, punk?' movieDirty Harry
69.3%
Wrist product that requires an iPhoneApple Watch
68%
'Hungry Like the Wolf' bandDuran Duran
65.3%
Atmospheric region that absorbs UV radiationOzone layer
64.5%
Grocery store recently acquired by AmazonWhole Foods
63.2%
African country that gained independence in 2011South Sudan
60.5%
Cartoon character who drives the Mach FiveSpeed Racer
55.2%
Capital and largest city of EthiopiaAddis Ababa
55.1%
Rock band best known for 'All Star'Smash Mouth
54.9%
World's highest waterfallAngel Falls
53.7%
Largest fish species, named after a mammalWhale shark
47.5%
Sucrose product containing molassesBrown sugar
36.4%
Leading female opera singer, or a divaPrima donna
34.7%
Chernobyl or Three Mile Island, for examplePower plant
32.2%

You're not logged in!

Compare scores with friends on all Sporcle quizzes.
Join for Free
OR
Log In

You Might Also Like...

Show Comments

Extras

Top Quizzes Today


Score Distribution

Your Account Isn't Verified!

In order to create a playlist on Sporcle, you need to verify the email address you used during registration. Go to your Sporcle Settings to finish the process.

Report this User

Report this user for behavior that violates our Community Guidelines.

Details: